Oxford Advanced Learner's Dictionary of Current English (Record no. 276714)
[ view plain ]
| 000 -LEADER | |
|---|---|
| fixed length control field | 00257 a2200097 4500 |
| 001 - CONTROL NUMBER | |
| control field | 41641 |
| 090 ## - LOCALLY ASSIGNED LC-TYPE CALL NUMBER (OCLC); LOCAL CALL NUMBER (RLIN) | |
| -- | 25777 |
| -- | 25777 |
| 100 ## - MAIN ENTRY--PERSONAL NAME | |
| Personal name | Hornby A S |
| 245 ## - TITLE STATEMENT | |
| Title | Oxford Advanced Learner's Dictionary of Current English |
| 260 ## - PUBLICATION, DISTRIBUTION, ETC. | |
| Place of publication, distribution, etc. | Oxfor |
| Name of publisher, distributor, etc. | Oxford University Press |
| Date of publication, distribution, etc. | |
| 942 ## - ADDED ENTRY ELEMENTS (KOHA) | |
| Institution code [OBSOLETE] | NUST-CAE |
| Koha item type | |
| -- | |
| Withdrawn status | Lost status | Damaged status | Not for loan | Collection code | Permanent Location | Current Location | Date acquired | Total Checkouts | Barcode | Date last seen | Price effective from | Koha item type |
|---|---|---|---|---|---|---|---|---|---|---|---|---|
| College of Aeronautical Engineering (CAE) | College of Aeronautical Engineering (CAE) | 04/03/2017 | CAE43347 | 04/05/2017 | 04/05/2017 | Book |
